000
00272nam a2200133Ia 4500
100
_a
GlizManenko/D
942
_c
BK
654
_a
Welding
245
_a
Gas Welding & Cutting
260
_b
Peace publishers
_c
2001
082
_a
671.5
300
_a
430
546
_a
ENGLISH
999
_c
26977
_d
26977